| 000 | 01664nam a2200325 i 4500 | ||
|---|---|---|---|
| 003 | DO-SdBNP | ||
| 005 | 20260304124929.0 | ||
| 007 | ta | ||
| 008 | 250612s1980 dr 000 0 spa d | ||
| 040 |
_aDO-SdBNP _bspa _cBNPHU _erda |
||
| 041 | _hspa | ||
| 082 |
_a303.625 _bG643v _222 |
||
| 100 |
_aGonzález Lapeyre, Edison _913294 _eautor _4aut. |
||
| 245 | 1 | 3 |
_aViolencia y terrorismo / _cEdison González Lapeyre |
| 264 | 1 |
_aSanto Domingo : _bEditora Alfa y Omega, _c1980. |
|
| 300 |
_a399 páginas ; _c21 cm. |
||
| 336 |
_atexto _btxt _2rdacontent |
||
| 337 |
_asin mediación _bn _2rdamedia |
||
| 338 |
_avolumen _bnc _2rdacarrier |
||
| 500 | _aIncluye datos biografícos del autor en la contracubierta. | ||
| 505 |
_tPrecisiones terminológicas -- _tLa agresividad -- _tLas raíces de la violencia -- _tEl terrorismo y el derecho internacional -- _tLa tipología del terrorismo -- _tEl terrorismo y los estados liberales -- _tEl incidente de la embajada de los Estados Unidos en Teherán -- _tLa prevención del terrorismo / |
||
| 520 | _aLa obra trata sobre la violencia y el terrorismo, incluyendo precisiones terminológicas y temas como la prevención del terrorismo. | ||
| 590 | _aInventariado, 2025/ YL | ||
| 650 | 7 |
_aTerrorismo _93230 |
|
| 650 | 0 |
_aViolencia política _928993 |
|
| 700 | 1 | 2 |
_aD´Elio, Roberto E. _e traducción _962833 _4tr. |
| 856 |
_yhttps://repositori.lecturafacil.net/sites/default/files/El%20ruise%C3%B1or%20y%20la%20rosa.pdf _yhttps://www.cervantesvirtual.com/obra-visor/el-ruisenor-y-la-rosa-y-otros-cuentos-poemas-en-prosa--0/html/ff0cedbe-82b1-11df-acc7-002185ce6064_2.html |
||
| 910 | _aYlockward | ||
| 942 |
_2ddc _cLBS1 |
||
| 999 |
_c59248 _d59248 |
||